00427nam a2200145Ia 4500008004100000020001800041041000800059082001700067100005300084245005300137250000600190260004100196300001300237650003100250210716s2013 xx 000 0 und d a9788126541300 aeng a005.268 CORB aCornelissen, Bob;Greene, Kevin;Hadzhiyski, Ivan. aMastering system center 2012 operations manager. a1 aNew DelhibWiley India Pvt Ltdc2013 axxvi,646 aMicrosoft Windows(005.269)